Online Catalogue and eLibrary

Mariyahumiyasaha manawa wimukthiya (Record no. 814)

MARC details
000 -LEADER
fixed length control field 00409nam a2200157Ia 4500
005 - DATE AND TIME OF LATEST TRANSACTION
control field 20250514025010.0
008 - FIXED-LENGTH DATA ELEMENTS--GENERAL INFORMATION
fixed length control field 240331s9999 xx 000 0 und d
020 ## - INTERNATIONAL STANDARD BOOK NUMBER
ISBN 13910620
082 ## - DDC Classification
Class No. 208.2
Item Number - Author Mark BAL
100 ## - MAIN ENTRY--PERSONAL NAME
Personal name Balasuriya, T
245 #0 - TITLE STATEMENT
Title Mariyahumiyasaha manawa wimukthiya
260 ## - PUBLICATION, DISTRIBUTION, ETC.
Place of publication, distribution, etc. No, 63
Name of publisher, distributor, etc. Wumukthi Publication
Date of publication, distribution, etc. 1996
300 ## - PHYSICAL DESCRIPTION
Extent (e.g. Volumes, Pages etc.) 181 p .,
500 ## - GENERAL NOTE
General note Translation of Mary & Liberation
942 ## - Koha item type (Biblio)
Koha item type Books in Stacks (Lending)
Holdings
Lost status Damaged status Collection code Home library Current library Shelving location Date acquired Full call number Accession Number Item type
    Lending WERC Library WERC Library Social Science Cupboard 03/31/2024 208.2 BAL 2449 Books in Stacks (Lending)

© WERC Library